000 00313nam a2200157Ia 4500
100 _aPandey/Hari Mohan
650 _aC++
942 _cBK
366 _f25
245 _aTrouble free C++
260 _bAne Books
_c2010
082 _a5.133
_bPAN
300 _a929
546 _aENGLISH
_cComputers
999 _c25522
_d25522